00643 2200253 4500001002100000005001500021035002000036007000300056008004100059020001800100082000800118084001400126100002400140245005100164250001700215260003200232300003500264600002000299990001400319990001400333990001400347990001400361990001400375INLIS00000000001041020250915025526 a0010-0925000008ta250915 g 0 ind  a9786029473858 a369 a369 BAM a0 aBambang Joko Susilo1 aAku Pramuka Siaga Bantu /cBambang Joko Susilo aCetakan Juni aJakarta :bBee Media,c2020 a52 hlm :bilus ;c14,8 x 21 cm 4aGerakan Pramuka a025.00846 a025.00847 a025.00848 a025.00849 a025.00850